| 000 | 00754nam a2200169 a 4500 | ||
|---|---|---|---|
| 001 | 000028607 | ||
| 005 | 20200930055033.0 | ||
| 008 | 110411s2002 dr a r 000 0 spa d | ||
| 020 | _a9993461385 | ||
| 040 |
_aDO-SdBNP _bspa _cBNPHU |
||
| 082 |
_axxx _bC755m |
||
| 110 | 1 |
_aConsorcio Barrio Bueno. _955562 |
|
| 245 | 1 | 0 |
_aMemorias del seminario internacional : _bmanejo de residuos sólidos con participación comunitaria/. |
| 260 |
_aSanto Domingo : _bEnda. Caribe: _bCentro de Estudios Sociales P. Juan MOnatlvo S. J. ; _bCiudad Alternativa ; _bInstituto Dominicano de Desarrollo Integral xon el auspicio del Banco Mundial, _c2002. |
||
| 300 |
_a101 p. : _bil. ; _c22 cm. |
||
| 500 | _aIncluye referencia informativa del autor corporativo en la contraportada. | ||
| 999 |
_c28099 _d28099 |
||